[Event "Regionalliga NO 9697"]
[Site "Bayern"]
[Date "1997.??.??"]
[Round "?"]
[White "Welch, Andreas"]
[Black "Franz, Gerhard"]
[Result "0-1"]
[WhiteElo "1965"]
[BlackElo "2160"]
[PlyCount "60"]
[EventDate "1996.10.??"]
[EventType "team-tourn"]
[EventRounds "9"]
[EventCountry "GER"]
[SourceTitle "EXT 1999"]
[Source "ChessBase"]
[SourceDate "1998.11.16"]
[SourceVersion "1"]
[SourceVersionDate "1998.11.16"]
[SourceQuality "1"]
[WhiteTeam "Nuernberg Grundig SC"]
[BlackTeam "Amberg SG Siemens"]
[WhiteTeamCountry "GER"]
[BlackTeamCountry "GER"]

1. c4 e5 2. Nc3 Nc6 3. g3 g6 4. Bg2 Bg7 5. e4 d6 6. Nge2 f5 7. d3 Nf6 8. f4 0-0 9. 0-0 Be6 10. Nd5 Qd7 11. Rb1 a5 12. a3 Rae8 13. Bd2 fxe4 14. dxe4 Bg4 15. fxe5 Nxe5 16. Nxf6+ Bxf6 17. Bc3 Bg7 18. Qd5+ Be6 19. Rxf8+ Rxf8 20. Qxb7 Nxc4 21. Nd4 c5 22. Qxd7 Bxd7 23. Ne2 Rb8 24. e5 Nxe5 25. Bxa5 Bf5 26. Rd1 Rxb2 27. Nf4 g5 28. Nh5 Bg4 29. Rxd6 Bxh5 30. Bc3 Rb1+ 0-1

[Event "Regionalliga NO 9697"]
[Site "Bayern"]
[Date "1997.??.??"]
[Round "?"]
[White "Welch, Andreas"]
[Black "Huettl, Guenther"]
[Result "0-1"]
[WhiteElo "1965"]
[BlackElo "2100"]
[PlyCount "110"]
[EventDate "1996.10.??"]
[EventType "team-tourn"]
[EventRounds "9"]
[EventCountry "GER"]
[SourceTitle "EXT 1999"]
[Source "ChessBase"]
[SourceDate "1998.11.16"]
[SourceVersion "1"]
[SourceVersionDate "1998.11.16"]
[SourceQuality "1"]
[WhiteTeam "Nuernberg Grundig SC"]
[BlackTeam "Regensburg Fortuna II"]
[WhiteTeamCountry "GER"]
[BlackTeamCountry "GER"]

1. c4 c6 2. Nc3 d5 3. cxd5 cxd5 4. d4 e6 5. g3 f5 6. Bg2 Nf6 7. Nh3 Nc6 8. 0-0 Bd6 9. Nb5 Bb8 10. e3 0-0 11. Nc3 Bd7 12. b3 Bd6 13. Bb2 Ne7 14. Qe2 a6 15. Rfd1 b5 16. a3 Nc8 17. f3 Nb6 18. e4 fxe4 19. fxe4 dxe4 20. Nxe4 Nxe4 21. Bxe4 Nd5 22. Rf1 Qe7 23. Nf2 Rac8 24. Qd3 h6 25. Bg2 Bb8 26. Ne4 Ba7 27. Kh1 Bc6 28. Rac1 Rxf1+ 29. Rxf1 Rf8 30. Rxf8+ Qxf8 31. Qc2 Bb7 32. Qc1 Qa8 33. Nc5 Bc8 34. Qe1 Qc6 35. b4 Qd6 36. Bh3 Nc7 37. Bg2 Bb6 38. Qe4 a5 39. Qe1 axb4 40. axb4 Nd5 41. Bh3 Nc7 42. Qe2 Qd5+ 43. Kg1 Qa2 44. Bg2 Qb1+ 45. Kf2 Qf5+ 46. Bf3 Bxc5 47. dxc5 Bb7 48. Bc1 Bxf3 49. Qxf3 Qc2+ 50. Qe2 Qxc1 51. Qe5 Qd2+ 52. Kg1 Qd7 53. Kf2 Nd5 54. Qd4 Nf6 55. Qe3 Ng4+ 0-1

[Event "Landesliga Nord 9596"]
[Site "Bayern"]
[Date "1996.??.??"]
[Round "?"]
[White "Welch, Andreas"]
[Black "Heimrath, Wolfgang"]
[Result "1/2-1/2"]
[WhiteElo "1970"]
[BlackElo "2105"]
[PlyCount "63"]
[EventDate "1995.10.??"]
[EventType "team-tourn"]
[EventRounds "9"]
[EventCountry "GER"]
[SourceTitle "EXT 2020"]
[Source "ChessBase"]
[SourceDate "2019.10.17"]
[SourceVersion "1"]
[SourceVersionDate "2019.10.17"]
[SourceQuality "1"]
[WhiteTeam "Nuernberg Grundig SC"]
[BlackTeam "Zirndorf"]
[WhiteTeamCountry "GER"]
[BlackTeamCountry "GER"]

1. c4 Nf6 2. Nc3 e5 3. g3 d5 4. cxd5 Nxd5 5. Bg2 Nb6 6. Nf3 Nc6 7. 0-0 Be7 8. d3 0-0 9. a3 Be6 10. b4 f5 11. Bb2 Bf6 12. Qc2 a6 13. e3 Qe8 14. Ne2 Rd8 15. d4 e4 16. Nd2 Nd5 17. Rac1 Rd7 18. Nb3 Be7 19. Nc5 Bxc5 20. dxc5 Qf7 21. Nd4 Nxd4 22. Bxd4 c6 23. f3 exf3 24. Rxf3 Qh5 25. Rcf1 Rdf7 26. R3f2 Qg5 27. Qe2 Nf6 28. e4 Nxe4 29. Bxe4 fxe4 30. Rxf7 Rxf7 31. Qxe4 Rxf1+ 32. Kxf1 1/2-1/2

[Event "Landesliga Nord 9596"]
[Site "Bayern"]
[Date "1996.??.??"]
[Round "?"]
[White "Welch, Andreas"]
[Black "Hirn, Erwin"]
[Result "0-1"]
[WhiteElo "1970"]
[BlackElo "2050"]
[PlyCount "126"]
[EventDate "1995.10.??"]
[EventType "team-tourn"]
[EventRounds "9"]
[EventCountry "GER"]
[SourceTitle "EXT 2020"]
[Source "ChessBase"]
[SourceDate "2019.10.17"]
[SourceVersion "1"]
[SourceVersionDate "2019.10.17"]
[SourceQuality "1"]
[WhiteTeam "Nuernberg Grundig SC"]
[BlackTeam "Nuernberg Sued SW"]
[WhiteTeamCountry "GER"]
[BlackTeamCountry "GER"]

1. c4 f5 2. Nc3 Nf6 3. g3 e5 4. d4 exd4 5. Qxd4 Nc6 6. Qd1 Bc5 7. Bg2 Ne5 8. b3 d6 9. Nf3 0-0 10. 0-0 c6 11. Na4 Bb4 12. a3 Ba5 13. Bb2 Qe7 14. Qc2 Bc7 15. Rad1 Nh5 16. e3 Bd7 17. Nc3 Rad8 18. Qe2 Be8 19. Nd4 Bg6 20. f4 Nd7 21. e4 Rde8 22. Rfe1 Bb6 23. Kh1 fxe4 24. Bxe4 Bxe4+ 25. Nxe4 Qf7 26. Qf3 Qg6 27. Nxc6 Rxe4 28. Rxe4 bxc6 29. g4 Nhf6 30. Rxd6 Qxe4 31. Qxe4 Nxe4 32. Rxd7 Nf6 33. Rd6 Rd8 34. Rxd8+ Bxd8 35. h3 Ne4 36. b4 Bf6 37. Bc1 Kf7 38. Be3 a6 39. a4 Ke6 40. b5 axb5 41. cxb5 cxb5 42. axb5 Nd6 43. b6 Kd5 44. Kg2 Bd4 45. Bxd4 Kxd4 46. h4 Kc5 47. Kf3 Kxb6 48. f5 Kc5 49. Kf4 Kd5 50. g5 Nf7 51. h5 Nd6 52. g6 hxg6 53. fxg6 Ke6 54. Kg5 Nf5 55. Kf4 Kf6 56. Kg4 Nh6+ 57. Kf4 Ng8 58. Kg4 Ke5 59. Kg5 Ke4 60. Kg4 Nh6+ 61. Kg5 Ke5 62. Kh4 Kf5 63. Kg3 Kg5 0-1

[Event "Landesliga Nord 9495"]
[Site "Bayern"]
[Date "1995.??.??"]
[Round "?.7"]
[White "Kreuzer, Gerhard"]
[Black "Welch, Andreas"]
[Result "0-1"]
[WhiteElo "2145"]
[BlackElo "1925"]
[PlyCount "98"]
[EventDate "1994.10.09"]
[EventType "team-tourn"]
[EventRounds "9"]
[EventCountry "GER"]
[SourceTitle "EXT 1999"]
[Source "ChessBase"]
[SourceDate "1998.11.16"]
[SourceVersion "1"]
[SourceVersionDate "1998.11.16"]
[SourceQuality "1"]
[WhiteTeam "Kelheim"]
[BlackTeam "Nuernberg Grundig SC"]
[WhiteTeamCountry "GER"]
[BlackTeamCountry "GER"]

1. c4 c5 2. g3 g6 3. Bg2 Bg7 4. Nc3 Nc6 5. e3 Nf6 6. Nge2 0-0 7. 0-0 d6 8. Rb1 Bf5 9. e4 Be6 10. d3 Qd7 11. Nf4 Rab8 12. Nxe6 Qxe6 13. a3 Ne8 14. Nd5 Qd7 15. b4 e6 16. Ne3 Nd4 17. b5 f5 18. Nc2 fxe4 19. dxe4 b6 20. Nxd4 Bxd4 21. Bh6 Rf7 22. Bh3 Nf6 23. Qe2 Kh8 24. Rbd1 Qe7 25. Rxd4 cxd4 26. e5 Ng8 27. Bf4 d5 28. cxd5 exd5 29. Qd3 g5 30. Bc1 Qxe5 31. Bb2 Qe4 32. Bxd4+ Nf6 33. Qc3 Rbf8 34. Re1 Qg6 35. Re5 g4 36. Bf1 Kg8 37. Bd3 Ne4 38. Qc1 Rf5 39. Rxe4 dxe4 40. Bxe4 Qe6 41. Bd3 Rc8 42. Qb1 Rf7 43. Ba1 Rfc7 44. Bb2 Re8 45. Kg2 Rd8 46. Bf5 Qd5+ 47. Be4 Qf7 48. Bc1 Rc4 49. f3 Rd1 0-1

[Event "Landesliga Nord 9495"]
[Site "Bayern"]
[Date "1995.??.??"]
[Round "?.5"]
[White "Welch, Andreas"]
[Black "Kannenberg, Karl Heinz"]
[Result "1/2-1/2"]
[WhiteElo "1925"]
[BlackElo "2095"]
[PlyCount "158"]
[EventDate "1994.10.09"]
[EventType "team-tourn"]
[EventRounds "9"]
[EventCountry "GER"]
[SourceTitle "EXT 2020"]
[Source "ChessBase"]
[SourceDate "2019.10.17"]
[SourceVersion "1"]
[SourceVersionDate "2019.10.17"]
[SourceQuality "1"]
[WhiteTeam "Nuernberg Grundig SC"]
[BlackTeam "Kitzingen SC"]
[WhiteTeamCountry "GER"]
[BlackTeamCountry "GER"]

1. c4 e5 2. Nc3 Bb4 3. e4 Bxc3 4. dxc3 Nf6 5. Bd3 d6 6. Ne2 0-0 7. 0-0 Nbd7 8. Ng3 Nc5 9. Bc2 b6 10. b4 Ne6 11. f4 exf4 12. Bxf4 Nxf4 13. Rxf4 Be6 14. Qd3 g6 15. Raf1 Nd7 16. Nh5 Qg5 17. Nf6+ Nxf6 18. Rxf6 a5 19. a4 axb4 20. cxb4 Bd7 21. Qf3 Be6 22. Bb3 Kg7 23. c5 Bxb3 24. Qxb3 Qxf6 25. Rxf6 Kxf6 26. cxb6 cxb6 27. Qc3+ Ke6 28. Qc4+ Kd7 29. Qb5+ Kc7 30. e5 dxe5 31. Qxe5+ Kd7 32. Qd5+ Kc7 33. b5 Rxa4 34. Qc6+ Kd8 35. Qxb6+ Ke7 36. Qc5+ Ke8 37. b6 Ra1+ 38. Kf2 f6 39. b7 Rb1 40. Qc7 Rxb7 41. Qxb7 Rf7 42. Qc6+ Kf8 43. Kf3 Kg7 44. h4 f5 45. Kf4 Re7 46. Qc3+ Kh6 47. Qf6 Re4+ 48. Kf3 Rg4 49. g3 Kh5 50. Qg7 h6 51. Qc3 Re4 52. Kg2 Re2+ 53. Kh3 g5 54. hxg5 hxg5 55. Qh8+ Kg6 56. Qg8+ Kh6 57. Qf8+ Kg6 58. Qd6+ Kh5 59. g4+ fxg4+ 60. Kg3 Re3+ 61. Kg2 Re2+ 62. Kf1 Re3 63. Qh2+ Kg6 64. Qc2+ Kh6 65. Kg2 Rf3 66. Qc6+ Kg7 67. Qd7+ Kg6 68. Qxg4 Rf4 69. Qe6+ Kh5 70. Kg3 Rh4 71. Qf5 Kh6 72. Qf6+ Kh5 73. Qf3+ Kg6 74. Qd3+ Kh6 75. Qd6+ Kg7 76. Qc6 Rf4 77. Qd7+ Kg6 78. Qe8+ Kh6 79. Qg8 Rh4 1/2-1/2

[Event "Oberliga Bayern 9394"]
[Site "Bayern"]
[Date "1994.03.20"]
[Round "7.5"]
[White "Welch, Andreas"]
[Black "Schreiner, Richard"]
[Result "0-1"]
[WhiteElo "1900"]
[BlackElo "2215"]
[PlyCount "76"]
[EventDate "1993.10.10"]
[EventType "team-tourn"]
[EventRounds "9"]
[EventCountry "GER"]
[SourceTitle "EXT 2020"]
[Source "ChessBase"]
[SourceDate "2019.10.17"]
[SourceVersion "1"]
[SourceVersionDate "2019.10.17"]
[SourceQuality "1"]
[WhiteTeam "Nuernberg Grundig SC"]
[BlackTeam "Regensburg DJK"]
[WhiteTeamCountry "GER"]
[BlackTeamCountry "GER"]

1. c4 e5 2. Nc3 Nc6 3. g3 g6 4. Bg2 Bg7 5. e4 d6 6. Nge2 f5 7. d3 Nf6 8. 0-0 0-0 9. f4 Be6 10. Nd5 Rb8 11. Nec3 Nd4 12. Be3 Ng4 13. Bd2 c6 14. h3 Nh6 15. Ne3 Qd7 16. Kh2 Rf7 17. exf5 Nhxf5 18. Nxf5 Nxf5 19. Rb1 Rbf8 20. Ne4 h6 21. fxe5 Bxe5 22. Bf4 Bd4 23. g4 Ne3 24. Bxe3 Rxf1 25. Bxf1 Bxe3 26. Qe1 Bd4 27. Qb4 d5 28. cxd5 Be5+ 29. Kh1 Bxd5 30. Bg2 Rf4 31. Qa3 b6 32. Rf1 Rxf1+ 33. Bxf1 Qf7 34. Bg2 Qf4 35. Kg1 Bd4+ 36. Kh1 Qc1+ 37. Kh2 Be5+ 38. Ng3 Qd2 0-1

[Event "Oberliga Bayern 9394"]
[Site "Bayern"]
[Date "1994.01.30"]
[Round "5.4"]
[White "Kaiser, Wolfgang"]
[Black "Welch, Andreas"]
[Result "1-0"]
[WhiteElo "2355"]
[BlackElo "1900"]
[PlyCount "59"]
[EventDate "1993.10.10"]
[EventType "team-tourn"]
[EventRounds "9"]
[EventCountry "GER"]
[SourceTitle "EXT 2020"]
[Source "ChessBase"]
[SourceDate "2019.10.17"]
[SourceVersion "1"]
[SourceVersionDate "2019.10.17"]
[SourceQuality "1"]
[WhiteTeam "Passau"]
[BlackTeam "Nuernberg Grundig SC"]
[WhiteTeamCountry "GER"]
[BlackTeamCountry "GER"]

1. d4 Nf6 2. c4 c5 3. d5 e6 4. Nc3 exd5 5. cxd5 d6 6. e4 g6 7. Bd3 Bg7 8. Nge2 0-0 9. 0-0 a6 10. a4 Qc7 11. h3 Nbd7 12. f4 c4 13. Bc2 Re8 14. Ng3 Nc5 15. Qf3 Bd7 16. Kh1 b5 17. e5 dxe5 18. fxe5 Rxe5 19. axb5 Ree8 20. Bf4 Qb7 21. Bg5 Qc7 22. Bxf6 Bxf6 23. d6 Qxd6 24. Nge4 Nxe4 25. Nxe4 Rxe4 26. Bxe4 Re8 27. bxa6 Bxb2 28. Qxf7+ Kh8 29. Rad1 Bd4 30. a7 1-0

[Event "Landesliga Nord 9495"]
[Site "Bayern"]
[Date "1994.??.??"]
[Round "?.7"]
[White "Otto, Bernhard"]
[Black "Welch, Andreas"]
[Result "0-1"]
[WhiteElo "1890"]
[BlackElo "1925"]
[PlyCount "67"]
[EventDate "1994.10.09"]
[EventType "team-tourn"]
[EventRounds "9"]
[EventCountry "GER"]
[SourceTitle "EXT 1999"]
[Source "ChessBase"]
[SourceDate "1998.11.16"]
[SourceVersion "1"]
[SourceVersionDate "1998.11.16"]
[SourceQuality "1"]
[WhiteTeam "Bindlach"]
[BlackTeam "Nuernberg Grundig SC"]
[WhiteTeamCountry "GER"]
[BlackTeamCountry "GER"]

1. c4 c5 2. Nc3 Nc6 3. Nf3 g6 4. d4 cxd4 5. Nxd4 Bg7 6. Nxc6 dxc6 7. Qxd8+ Kxd8 8. Bd2 Bd7 9. 0-0-0 Kc7 10. e3 Nh6 11. h3 f5 12. Be2 e5 13. f4 e4 14. Rdg1 Nf7 15. g4 Rag8 16. Rg2 Bf6 17. Rhg1 g5 18. gxf5 Bxf5 19. h4 h6 20. Bg4 Bxg4 21. Rxg4 h5 22. R4g2 g4 23. Nxe4 Bxh4 24. Bc3 Rh6 25. Ng3 Bd8 26. Nf5 Rh7 27. e4 Kd7 28. e5 Bb6 29. Nd4 Bxd4 30. Bxd4 Ke6 31. Bf2 Kf5 32. Bg3 h4 33. Rh2 Rgh8 34. Rgh1 0-1

[Event "Oberliga Bayern 9394"]
[Site "Bayern"]
[Date "1993.11.07"]
[Round "2.6"]
[White "Giessmann, Stephan"]
[Black "Welch, Andreas"]
[Result "1-0"]
[WhiteElo "2135"]
[BlackElo "1900"]
[PlyCount "77"]
[EventDate "1993.10.10"]
[EventType "team-tourn"]
[EventRounds "9"]
[EventCountry "GER"]
[SourceTitle "EXT 2020"]
[Source "ChessBase"]
[SourceDate "2019.10.17"]
[SourceVersion "1"]
[SourceVersionDate "2019.10.17"]
[SourceQuality "1"]
[WhiteTeam "Kelheim SC"]
[BlackTeam "Nuernberg Grundig SC"]
[WhiteTeamCountry "GER"]
[BlackTeamCountry "GER"]

1. d4 Nf6 2. Bg5 e6 3. e3 Be7 4. Bd3 c5 5. c3 b6 6. Nf3 Bb7 7. 0-0 h6 8. Bh4 0-0 9. Nbd2 d5 10. Ne5 Nbd7 11. f4 Rc8 12. Qf3 Nxe5 13. fxe5 Nh7 14. Bxe7 Qxe7 15. Qg3 f5 16. exf6 Rxf6 17. Rxf6 Nxf6 18. Rf1 Rf8 19. Nf3 Ne4 20. Bxe4 dxe4 21. Ne5 Rxf1+ 22. Kxf1 cxd4 23. cxd4 Qc7 24. Qe1 Qc2 25. Qe2 Qb1+ 26. Kf2 Qxa2 27. Qb5 Qd5 28. Qe8+ Kh7 29. Nf7 Qf5+ 30. Kg1 Qf6 31. Qh8+ Kg6 32. Ne5+ Kg5 33. Qe8 Ba6 34. h3 g6 35. Kh2 Be2 36. Nd7 Qf2 37. Qe7+ Kh5 38. Nf6+ Kh4 39. Nxe4+ 1-0